<?xml version="1.0" encoding="UTF-8"?>
<collection xmlns="http://www.loc.gov/MARC21/slim">
 <record>
  <leader>     na                 </leader>
  <controlfield tag="001">INLIS000000000014198</controlfield>
  <controlfield tag="005">20231016094958</controlfield>
  <datafield tag="035" ind1=" " ind2=" ">
   <subfield code="a">0010-1023000033</subfield>
  </datafield>
  <datafield tag="245" ind1="1" ind2=" ">
   <subfield code="a">INDONESIAN HERITAGE RECIPES :</subfield>
   <subfield code="b">Learn, cook and taste</subfield>
  </datafield>
  <datafield tag="100" ind1="0" ind2=" ">
   <subfield code="a">Tyas AN</subfield>
  </datafield>
  <datafield tag="250" ind1=" " ind2=" ">
   <subfield code="a">Cet. 1</subfield>
  </datafield>
  <datafield tag="300" ind1=" " ind2=" ">
   <subfield code="a">64 hlm.; 17 x 25 cm.</subfield>
  </datafield>
  <datafield tag="260" ind1=" " ind2=" ">
   <subfield code="a">Bandung :</subfield>
   <subfield code="b">Remaja Rosdakarya,</subfield>
   <subfield code="c">2015</subfield>
  </datafield>
  <datafield tag="082" ind1=" " ind2=" ">
   <subfield code="a">641.5</subfield>
  </datafield>
  <datafield tag="084" ind1=" " ind2=" ">
   <subfield code="a">641.5 TYA i</subfield>
  </datafield>
  <datafield tag="020" ind1=" " ind2=" ">
   <subfield code="a">978-979-692-606-0</subfield>
  </datafield>
  <datafield tag="650" ind1=" " ind2=" ">
   <subfield code="a">Masakan Indonesia</subfield>
  </datafield>
  <datafield tag="520" ind1=" " ind2=" ">
   <subfield code="a">Ditujukan sebagai buku pegangan bacaan berselera bagi orang asing untuk mengenal dan mencicipi sembilan pusaka dan resep khas dari berbagai pulau di Indonesia. Di jilid pertama ini kita bisa mencicipi masakan dari Buton, Toraja, Bangka, Ternate, Sumbawa, Makassar, dan Bali.&#13;
&#13;
   Resep Pusaka Indonesia mewakili begitu banyak ragam budaya namun tetap memiliki kesamaan satu sama lain terkait dengan bumbu, rasa, dan menyesuaikannya dengan bahan-bahan yang berkaitan dengan masa kini. Mari kita lebih dekat ke dapur. Berani masak sendiri</subfield>
  </datafield>
  <controlfield tag="008">231016                g          0 eng  </controlfield>
  <datafield tag="990" ind1=" " ind2=" ">
   <subfield code="a">023.2140/PC/2023</subfield>
  </datafield>
  <datafield tag="990" ind1=" " ind2=" ">
   <subfield code="a">023.2141/PC/2023</subfield>
  </datafield>
  <datafield tag="990" ind1=" " ind2=" ">
   <subfield code="a">023.2142/PC/2023</subfield>
  </datafield>
  <datafield tag="990" ind1=" " ind2=" ">
   <subfield code="a">023.2140/PC/2023</subfield>
  </datafield>
  <datafield tag="990" ind1=" " ind2=" ">
   <subfield code="a">023.2141/PC/2023</subfield>
  </datafield>
  <datafield tag="990" ind1=" " ind2=" ">
   <subfield code="a">023.2142/PC/2023</subfield>
  </datafield>
  <datafield tag="990" ind1=" " ind2=" ">
   <subfield code="a">023.2142/PC/2023</subfield>
  </datafield>
  <datafield tag="990" ind1=" " ind2=" ">
   <subfield code="a">023.2140/PC/2023</subfield>
  </datafield>
  <datafield tag="990" ind1=" " ind2=" ">
   <subfield code="a">023.2141/PC/2023</subfield>
  </datafield>
  <datafield tag="990" ind1=" " ind2=" ">
   <subfield code="a">023.2141/PC/2023</subfield>
  </datafield>
  <datafield tag="990" ind1=" " ind2=" ">
   <subfield code="a">023.2140/PC/2023</subfield>
  </datafield>
  <datafield tag="990" ind1=" " ind2=" ">
   <subfield code="a">023.2142/PC/2023</subfield>
  </datafield>
 </record>
</collection>
